Encyclopedia of positive psychology (Record no. 6650)
[ view plain ]
| 000 -LEADER | |
|---|---|
| fixed length control field | 00413nam a2200133Ia 4500 |
| 020 ## - INTERNATIONAL STANDARD BOOK NUMBER | |
| ISBN | 9781405161251 |
| 082 ## - DEWEY DECIMAL CLASSIFICATION NUMBER | |
| Classification number | RR 150.19803 ENC- |
| 245 #0 - TITLE STATEMENT | |
| Title | Encyclopedia of positive psychology |
| 260 ## - PUBLICATION, DISTRIBUTION, ETC. (IMPRINT) | |
| Place of publication | West Sussex |
| Name of publisher | Wiley-Blackwell |
| Year of publication | 2009 |
| 500 ## - GENERAL NOTE | |
| General note | content: 2vols. Vol. 1(A-K), (xix, 557p) - v.2 (L-Z), (560-1125p.)/ includes index |
| 650 ## - SUBJECT ADDED ENTRY--TOPICAL TERM | |
| Topical Term | Psychology |
| Form subdivision | Encyclopedias |
| 700 ## - ADDED ENTRY--PERSONAL NAME | |
| Personal name | Lopez, Shane J. |
| 942 ## - ADDED ENTRY ELEMENTS (KOHA) | |
| Koha item type | Books |
| Withdrawn status | Lost status | Damaged status | Not for loan | Home library | Current library | Date acquired | Source of acquisition | Bill Date | Full call number | Accession Number | Price effective from | Koha item type |
|---|---|---|---|---|---|---|---|---|---|---|---|---|
| NASSDOC Library | NASSDOC Library | 13/04/2009 | KNOW | 2009-03-26 | RR 150.19803 ENC- | 45428 | 18/04/2019 | Books | ||||
| NASSDOC Library | NASSDOC Library | 13/04/2009 | KNOW | 2009-03-26 | RR 150.19803 ENC- | 45429 | 18/04/2019 | Books |
